000 00448nam a2200145 i 4500
001 38321
003 ES-MaACL
005 20230906155733.0
007 t|
008 030225s1973 sp ||||1| lat d
245 0 0 _aCalendarium et Ordo Divini officcii Missionariis Congregationis filiorum Immaculati Cordis Beatae Mariae Virgini 1974.
260 _aMatriti :
_bCoculsa,
_c1973.
300 _a91 p. ;
_c17 cm.
852 _aES-MaACL
_jC-56214
_bR.88874
999 _c38321
_d38321